Cities by number of metro rail stations - Statistics

General Stats
  • This quiz has been taken 93 times
  • The average score is 93 of 181
Answer Stats
Rank Country City No. of stations % Correct
4 China Beijing 405
98%
17 Germany Berlin 173
98%
5 UK London 310
98%
=6 Spain Madrid 302
98%
13 Russia Moscow 236
98%
2 USA New York 458
98%
=6 France Paris 302
98%
1 South Korea Seoul 728
98%
3 China Shanghai 414
98%
12 India Delhi 253
95%
15 Mexico Mexico City 195
95%
8 Japan Tokyo 294
95%
34 Thailand Bangkok 105
93%
23 Spain Barcelona 141
93%
=35 Argentina Buenos Aires 104
93%
=35 Turkey Istanbul 104
93%
20 Malaysia Kuala Lumpur 149
93%
33 Italy Milan 106
93%
37 Norway Oslo 101
93%
24 Chile Santiago 136
93%
29 Singapore Singapore 122
93%
=38 Sweden Stockholm 100
93%
30 Iran Tehran 117
93%
21 USA Boston 148
90%
22 USA Chicago 145
90%
28 Japan Osaka 123
90%
27 Taiwan Taipei 131
90%
=40 Austria Vienna 98
90%
31 South Korea Busan 114
88%
42 Germany Munich 96
88%
=50 Egypt Cairo 89
86%
10 China Guangzhou 282
81%
=44 Germany Hamburg 93
81%
9 China Shenzhen 283
81%
60 Netherlands Rotterdam 70
79%
59 Russia Saint Petersburg 72
79%
=47 USA Washington 91
79%
65 Greece Athens 64
76%
70 Belgium Brussels 59
76%
66 Romania Bucharest 63
76%
67 Czechia Prague 61
76%
=56 Canada Toronto 75
76%
=72 Turkey Ankara 56
74%
=77 Ukraine Kiev 52
74%
63 Canada Montreal 68
74%
58 Italy Rome 73
74%
=83 UAE Dubai 49
71%
=72 Portugal Lisbon 56
71%
53 USA Philadelphia 86
71%
=87 Hungary Budapest 48
69%
=80 Venezuela Caracas 51
69%
=68 France Lille 60
69%
=72 Philippines Manila 56
69%
52 Japan Nagoya 87
69%
76 Canada Vancouver 53
69%
14 China Wuhan 228
69%
11 China Chengdu 260
67%
16 China Chongqing 190
67%
=87 Mexico Guadalajara 48
67%
=97 Netherlands Amsterdam 39
64%
=97 Denmark Copenhagen 39
64%
=95 France Lyon 40
64%
94 Brazil Rio de Janeiro 41
64%
=92 Bulgaria Sofia 43
64%
=127 Azerbaijan Baku 25
62%
=83 Spain Bilbao 49
62%
=127 Finland Helsinki 25
62%
=124 Peru Lima 26
62%
=122 Colombia Medellin 27
62%
=116 Panama Panama City 29
62%
=50 Brazil Sao Paulo 89
62%
=99 Uzbekistan Tashkent 38
62%
=131 Georgia Tbilisi 23
62%
104 Qatar Doha 37
60%
=124 Pakistan Lahore 26
60%
109 Belarus Minsk 33
60%
=111 Mexico Monterrey 31
60%
=107 Dominican Republic Santo Domingo 34
60%
=83 Japan Sapporo 49
60%
=107 Poland Warsaw 34
60%
=149 Algeria Algiers 19
57%
=18 China Nanjing 159
57%
=124 Italy Naples 26
57%
=68 UK Newcastle 60
57%
=95 India Bangalore 40
55%
49 South Korea Daegu 90
55%
=72 South Korea Incheon 56
55%
=114 Ukraine Kharkiv 30
55%
82 USA San Francisco 50
55%
=18 China Tianjin 159
55%
71 India Hyderabad 57
52%
=83 Germany Nuremberg 49
52%
=156 North Korea Pyongyang 16
52%
=99 France Toulouse 38
52%
130 Brazil Brasilia 24
50%
=120 Switzerland Lausanne 28
50%
=116 Brazil Recife 29
50%
106 Japan Fukuoka 35
48%
=116 France Marseille 29
48%
=165 Australia Sydney 13
48%
=38 China Xi'an 100
48%
=140 Italy Turin 21
45%
90 Taiwan Kaohsiung 45
43%
32 China Changsha 111
40%
110 India Chennai 32
40%
=111 India Kolkata 31
40%
105 Iran Mashhad 36
40%
=87 Japan Yokohama 48
40%
=177 Kazakhstan Almaty 9
38%
25 China Hangzhou 135
38%
43 China Hong Kong 95
38%
=144 Iran Isfahan 20
38%
=165 Indonesia Jakarta 13
38%
=111 Japan Kyoto 31
38%
=175 Armenia Yerevan 10
38%
=99 USA Atlanta 38
36%
=160 UK Glasgow 15
36%
=154 Turkey Izmir 17
36%
=134 Brazil Porto Alegre 22
36%
=99 Turkey Bursa 38
33%
=134 Japan Hiroshima 22
33%
=131 USA Miami 23
33%
=149 Brazil Belo Horizonte 19
31%
=160 Russia Nizhny Novgorod 15
31%
54 China Qingdao 85
31%
=144 Brazil Salvador 20
31%
=114 Japan Sendai 30
31%
=47 China Shenyang 91
31%
=120 Japan Kobe 28
29%
46 China Kunming 92
29%
26 China Suzhou 134
29%
=40 China Zhengzhou 98
29%
=134 South Korea Daejeon 22
26%
=61 China Dalian 69
26%
55 China Hefei 80
26%
=144 Iran Shiraz 20
26%
=151 Iran Tabriz 18
26%
=77 China Xiamen 52
26%
=165 Turkey Adana 13
24%
=154 Italy Brescia 17
24%
=44 China Changchun 93
24%
=122 China Harbin 27
24%
=156 USA Los Angeles 16
24%
=134 India Lucknow 22
24%
=56 China Ningbo 75
24%
=165 Russia Novosibirsk 13
24%
=170 Italy Catania 11
21%
180 Ukraine Dnipro 6
21%
179 Italy Genoa 8
21%
=170 Russia Kazan 11
21%
=160 France Rennes 15
21%
=177 Russia Yekaterinburg 9
21%
=151 USA Cleveland 18
19%
=92 China Fuzhou 43
19%
=144 South Korea Gwangju 20
19%
64 China Nanning 66
19%
=140 Taiwan Taoyuan 21
19%
=127 China Guiyang 25
17%
=77 China Nanchang 52
17%
=61 China Wuxi 69
17%
164 USA Baltimore 14
14%
=175 Russia Samara 10
14%
=80 China Shijiazhuang 51
14%
181 India Ahmedabad 4
12%
=131 China Jinan 23
12%
=134 India Kochi 22
12%
169 India Mumbai 12
12%
=156 India Nagpur 16
12%
=156 USA San Juan 16
12%
=99 China Xuzhou 38
12%
=134 China Foshan 22
10%
91 China Hohhot 44
10%
=170 China Macau 11
10%
=140 India Noida 21
10%
=140 China Urumqi 21
10%
=151 China Wenzhou 18
10%
=116 China Changzhou 29
7%
=170 India Jaipur 11
7%
=144 China Lanzhou 20
7%
=160 China Dongguan 15
5%
=170 India Gurgaon 11
5%
No matching quizzes found
Score Distribution
Percent of People with Each Score
Percentile by Number Answered
Your Score History
You have not taken this quiz